00743nam a2200205 i 450000100060000000300090000600500170001500700030003200800410003510000250007624500860010126000310018730000300021849000340024870000450028283000420032785200310036999900170040095201200041794950ES-MaACL20230906181609.0t|050518s1976 sp ||||1| spa d1 aLuft, Joseph.97464713aLa interacción humana / cJoseph Luft; [traducción... Pedro R. Santidrián]. aMadrid : bMarova, c1976. a253 p. : bil. ; c18 cm.1 aBiblioteca del Ecuador ; v181 aRodríguez Santidrián, Pedro.91607100 aBiblioteca del Ecuador ; v189184346 aES-MaACLjA-5787 bR.94781 c94950d94950 00104070aATENEOMbATENEOMcSPP1d2008-01-17eSCl0oA-5787p1099157r2023-02-23 00:00:00w2023-02-23yMONOGRAFIA